Normal view
MARC view
- Friedman, Avi,
Entry Personal Name
001 - CONTROL NUMBER
- control field: 25129
003 - CONTROL NUMBER IDENTIFIER
- control field: NUST
005 - DATE AND TIME OF LATEST TRANSACTION
- control field: 20191104161408.0
008 - FIXED-LENGTH DATA ELEMENTS
- fixed length control field: 191104|| aca||aabn | a|a d
040 ## - CATALOGING SOURCE
- Original cataloging agency: NUST
- Transcribing agency: NUST
100 ## - HEADING--PERSONAL NAME
- Personal name: Friedman, Avi,
- Dates associated with a name: 1952-
670 ## - SOURCE DATA FOUND
- Source citation: Work cat.: (NUST)0: Friedman, Avi, 1952-, Sustainable residential development :, c2007.
